TH-SOF-0913-TIME SERIES ANALYSIS AND FORECASTING IN PAKISTAN EDUCATION MANAGEMENT INFORMATION SYSTEM USING DATA MINING TECHNIQUE (Record no. 578552)

000 -LEADER
fixed length control field 00425nam a22001217a 4500
082 ## - DEWEY DECIMAL CLASSIFICATION NUMBER
Classification number 200 THE
100 ## - MAIN ENTRY--PERSONAL NAME
Personal name MUHAMMAD BILAL KAKLI
9 (RLIN) 72553
245 ## - TITLE STATEMENT
Title TH-SOF-0913-TIME SERIES ANALYSIS AND FORECASTING IN PAKISTAN EDUCATION MANAGEMENT INFORMATION SYSTEM USING DATA MINING TECHNIQUE
260 ## - PUBLICATION, DISTRIBUTION, ETC.
Place of publication, distribution, etc. NUST COLLEGE OF EME
Name of publisher, distributor, etc. ISLAMABAD
Date of publication, distribution, etc. 2001
650 ## - SUBJECT ADDED ENTRY--TOPICAL TERM
Topical term or geographic name entry element MS-CSE-10 MSTHESIS
9 (RLIN) 70287
700 ## - ADDED ENTRY--PERSONAL NAME
Personal name DR USMAN QAMAR
9 (RLIN) 18579
942 ## - ADDED ENTRY ELEMENTS (KOHA)
Koha item type Reference
Holdings
Withdrawn status Lost status Damaged status Not for loan Permanent Location Current Location Shelving location Date acquired Total Checkouts Full call number Barcode Date last seen Price effective from Koha item type
        College of Electrical & Mechanical Engineering (CEME) College of Electrical & Mechanical Engineering (CEME) Reference 02/27/2020   200 THE TH-SOF-0913 06/28/2021 06/28/2021 Reference
© 2023 Central Library, National University of Sciences and Technology. All Rights Reserved.